00493nam a2200145Ia 4500008004100000041000800041082002200049100001600071245003100087260004200118300003200160365000900192999001500201952013100216240624s9999 xx 000 0 und d aeng a332.642309034 CLE aCLEWS HENRY aFIFTY YEARS IN WALL STREET c2006aNew JerseybJohn Wiley and Sons axvii, : 358 : p. : cm. ; 22 cb28 c7369d7369 00104070aIMTNbIMTNcRack 12-Bd2007-11-20eBWEg19.95o332.642309034 CLEp7369r2024-06-24 00:00:00t39.08w2024-06-24yBK